| 000 | 01100nam a2200277 i 4500 | ||
|---|---|---|---|
| 001 | 148433 | ||
| 003 | ES-MaACL | ||
| 005 | 20250809061242.0 | ||
| 007 | t| | ||
| 008 | 070214s1973 sp |||| | spa d | ||
| 080 | _a347.94(043) | ||
| 080 | _a343.14(043) | ||
| 100 | 1 |
_aStein, Friedrich. _9108027 |
|
| 245 | 1 | 3 |
_aEl conocimiento privado del juez _b: investigaciones sobre el derecho probatorio en ambos procesos / _cFriedrich Stein ; traducción y notas de Andrés de la Oliva Santos. |
| 260 |
_aPamplona : _bUniversidad de Navarra, _c1973. |
||
| 300 |
_aXXIII, 260 p. ; _c22 cm. |
||
| 490 | 1 |
_aPublicaciones de la Facultad de Derecho de la Universidad de Navarra. _aColección Jurídica ; _v49 |
|
| 650 | 0 | 4 |
_aPruebas (Derecho) _916527 |
| 650 | 0 | 4 |
_aProcedimiento civil. _916419 |
| 650 | 4 |
_aProcedimiento penal. _9136769 |
|
| 700 | 1 |
_aOliva Santos, Andrés de la. _986741 |
|
| 710 | 2 |
_aUniversidad de Navarra. _97252 |
|
| 830 | 0 | 0 |
_aPublicaciones de la Facultad de Derecho de la Universidad de Navarra _v49 _9186810 |
| 852 |
_aES-MaACL _jC-54316 |
||
| 999 |
_c148433 _d148433 |
||